| 000 | 00610nam a22001811c 4500 | ||
|---|---|---|---|
| 001 | a987657618 | ||
| 008 | 070706s2006 gw |||| 000u rus d | ||
| 041 | _arus | ||
| 245 | 0 | 0 |
_aNeizvestnyi D. S. Lichačev. : _bNeopublikovannye materialy iz archiva Rossijskogo Fonda Kultury : K 100-letiju so dnja roždenija Dmitrija Sergeeviča Lichačeva |
| 246 | 1 | 0 | _aNeizvestnyj Lichačev |
| 264 |
_aMoskva : _bRossijsskij fond kultury, _c2006 |
||
| 300 | _a287 S. | ||
| 650 | 0 | _aLichačev, Dmitrij S. | |
| 700 | 1 |
_aArinštejn, Leonid M. _eHerausgeberIn |
|
| 942 | _cMG | ||
| 040 | _cRU-10907106 | ||
| 003 | RU-10907106 | ||
| 999 |
_c18693 _d18693 |
||